000
00257nam a22001217a 4500
040
_c
SK
082
_a
589
100
_a
KUY SOPAL; គួយ សុផល
245
_a
Cryptogams and gymnosperms
260
_a
RUA
_b
KUY
_c
1994
300
_a
83p.
942
_c
KB
999
_c
9599
_d
9599